000 00221nam a2200097 a 4500
008 111125s2005|||| d
245 1 0 _aSlowacja W Skarbnicy UNESCO
260 _bRAX
_c2005
020 _c100
044 _axo
_cSK
999 _c19885
_d19885